Output and employment in the construction industry (Record no. 78021)

MARC details
000 -LEADER
fixed length control field 01291cab a2200217 4500
001 - CONTROL NUMBER
control field ##L135827
008 - FIXED-LENGTH DATA ELEMENTS--GENERAL INFORMATION
fixed length control field 061212n2006 000 0 eng u
035 ## - SYSTEM CONTROL NUMBER
System control number (Sirsi) u135827
041 0# - LANGUAGE CODE
Language code of text/sound track or separate title eng
110 2# - MAIN ENTRY--CORPORATE NAME
Corporate name or jurisdiction name as entry element United Kingdom
Subordinate unit Department of Trade and Industry
245 00 - TITLE STATEMENT
Title Output and employment in the construction industry
Remainder of title third quarter 2006
260 ## - PUBLICATION, DISTRIBUTION, ETC.
Date of publication, distribution, etc. 2006
490 #0 - SERIES STATEMENT
Series statement DTI Press Release
Volume/sequential designation 4 December 2006
520 ## - SUMMARY, ETC.
Summary, etc. Construction output in the year to the third quarter 2006 remained unchanged compared to 2005. Output in the third quarter 2006 rose by 1% in volume and by 3% in current prices compared to the second quarter of 2006. New work in the year to the third quarter 2006 was 4% higher compared with the previous year and rose by 2% from the second to the third quarter 2006. The number of employees (seasonally adjusted) in employment in July 2006 was 1% higher compared with April 2006, but remained unchanged when compared with July 2005.
590 ## - LOCAL NOTE (RLIN)
Local note KA
650 24 - SUBJECT ADDED ENTRY--TOPICAL TERM
Topical term or geographic name entry element DBERR OUTPUT AND EMPLOYMENT IN THE CONSTRUCTION INDUSTRY
651 #4 - SUBJECT ADDED ENTRY--GEOGRAPHIC NAME
Geographic name GREAT BRITAIN
690 ## - LOCAL SUBJECT ADDED ENTRY--TOPICAL TERM (OCLC, RLIN)
Topical term or geographic name as entry element BUILT ENVIRONMENT-CONSTRUCTION MARKET
856 40 - ELECTRONIC LOCATION AND ACCESS
Uniform Resource Identifier <a href="https://stats.bis.gov.uk/construction/output/200612/index.asp">https://stats.bis.gov.uk/construction/output/200612/index.asp</a>
Public note View the item free of charge at www.stats.bis.gov.uk website.
942 ## - ADDED ENTRY ELEMENTS (KOHA)
Suppress in OPAC 0
Holdings
Withdrawn status Lost status Source of classification or shelving scheme Damaged status Not for loan Home library Current library Shelving location Date acquired Total Checkouts Full call number Barcode Date last seen Copy number Price effective from Koha item type
    Dewey Decimal Classification     Virtual Virtual Online 12/12/2006   ONLINE PUBLICATION 135827-2001 06/08/2019 1 06/08/2019 Journal article